Probability and Statistics/ (Record no. 186332)
[ view plain ]
| 000 -LEADER | |
|---|---|
| fixed length control field | 00615nam a22001937a 4500 |
| 005 - DATE AND TIME OF LATEST TRANSACTION | |
| control field | 20220223122944.0 |
| 010 ## - LCCN (DPL NO) | |
| LC control number | ENG-131765 |
| 020 ## - INTERNATIONAL STANDARD BOOK NUMBER | |
| International Standard Book Number | 9788195391882 |
| Terms of availability | 541.00 |
| 035 ## - SYSTEM CONTROL NUMBER | |
| System control number | EN-115297 |
| 037 ## - SOURCE OF ACQUISITION | |
| Source of stock number/acquisition | DBAD |
| 082 ## - DEWEY DECIMAL CLASSIFICATION NUMBER | |
| Classification number | 519.2 |
| 100 ## - MAIN ENTRY--PERSONAL NAME | |
| Personal name | Goud, J. Suresh |
| 245 ## - TITLE STATEMENT | |
| Title | Probability and Statistics/ |
| Statement of responsibility, etc | J. Suresh Goud, P. Srilatha |
| 260 ## - PUBLICATION, DISTRIBUTION, ETC. (IMPRINT) | |
| Place of publication, distribution, etc | Hyderabad |
| Name of publisher, distributor, etc | SevenHills International Publishers |
| Date of publication, distribution, etc | 2021 |
| 270 ## - ADDRESS | |
| Address | # 326/C, III floor, Surnemi Nilayam, Near B K Guda Park, S R Nagar |
| City | Hyderabad |
| Postal code | 500038 |
| 300 ## - PHYSICAL DESCRIPTION | |
| Extent | 496p. |
| Dimensions | 24cm(pbk) |
| 700 ## - ADDED ENTRY--PERSONAL NAME | |
| Personal name | Srilatha, P. |
| 942 ## - ADDED ENTRY ELEMENTS (KOHA) | |
| Source of classification or shelving scheme | Dewey Decimal Classification |
| Item type | English Books |
| Classification part | 519.2 |
| Call number suffix | GOU |
| Withdrawn status | Lost status | Not for loan | Collection code | Home library | Current library | Date acquired | Source of acquisition | Cost, normal purchase price | Full call number | Barcode | Copy number | Cost, replacement price | Koha item type |
|---|---|---|---|---|---|---|---|---|---|---|---|---|---|
| Non-fiction | Sarojini Nagar | Sarojini Nagar | 23/02/2022 | DBAD/PUB | 541.00 | 519.2 GOU | EN-115297 | 1 | 541.00 | English Books |
